header

Calendar anomalies and arbitrage (Record no. 212643)

MARC details
000 -LEADER
fixed length control field 01308nam a2200361Ia 4500
082 04 - DEWEY DECIMAL CLASSIFICATION NUMBER
Classification number 332.64/5
100 1# - MAIN ENTRY--AUTHOR NAME
Personal name Ziemba, W. T.
245 10 - TITLE STATEMENT
Title Calendar anomalies and arbitrage
260 ## - PUBLICATION, DISTRIBUTION, ETC. (IMPRINT)
Place of publication New Jersey :
Name of publisher World Scientific,
Year of publication 2012.
300 ## - PHYSICAL DESCRIPTION
Number of Pages xx, 586 p. :
Other physical details ill.
490 0# - SERIES STATEMENT
Series statement World Scientific series in finance,
500 ## - GENERAL NOTE
General note Includes index.
650 #0 - SUBJECT ADDED ENTRY--TOPICAL TERM
Topical Term Stocks
Topical Term Stock price forecasting.
Topical Term Arbitrage.
Topical Term Seasonal variations (Economics)
856 40 - ELECTRONIC LOCATION AND ACCESS
Uniform Resource Identifier http://site.ebrary.com/lib/rucke/Doc?id=10596915

No items available.

© 2026 Rongo University
Contact us: librarian | system librarian | Rongo university